[Event "Mittelrhein Verbandsliga-N 17/18"]
[Site "Nordrheinwestfalen"]
[Date "2018.02.04"]
[Round "7.6"]
[White "Antar Badal, Azadi"]
[Black "Tbaila, Ralph"]
[Result "1-0"]
[WhiteElo "1645"]
[BlackElo "1828"]
[PlyCount "79"]
[EventDate "2017.09.10"]
[EventType "team-swiss"]
[EventRounds "11"]
[EventCountry "GER"]
[SourceTitle "EXT 2022"]
[Source "ChessBase"]
[SourceDate "2021.10.06"]
[SourceVersion "1"]
[SourceVersionDate "2021.10.06"]
[SourceQuality "1"]
[WhiteTeam "Leverkusen Koenigsspringer"]
[BlackTeam "Kalker/Deutzer SG"]
[WhiteTeamCountry "GER"]
[BlackTeamCountry "GER"]

1. e4 e5 2. Nf3 Nc6 3. Bc4 Bc5 4. c3 d6 5. h3 Nf6 6. d3 0-0 7. Bg5 Be6 8. Nbd2 a6 9. Bd5 Rb8 10. b4 Ba7 11. Qb3 Qd7 12. Bxf6 gxf6 13. Nh4 Ne7 14. g4 c6 15. Bxe6 fxe6 16. Nf5 Ng6 17. Ne3 Nf4 18. c4 f5 19. gxf5 exf5 20. Nxf5 Rxf5 21. Rg1+ Kh8 22. exf5 Nxh3 23. Rf1 Bd4 24. 0-0-0 Nxf2 25. Rde1 Qxf5 26. Ne4 d5 27. Nxf2 Bxf2 28. Rd1 Qg5+ 29. Kb1 Qg2 30. Qb2 Rf8 31. Qxe5+ Kg8 32. Qe2 Qg3 33. Rd2 Be3 34. Rxf8+ Kxf8 35. Rd1 d4 36. Rf1+ Kg7 37. Qh5 Qg6 38. Qe5+ Kg8 39. Qb8+ Kg7 40. Qf8# 1-0